|
วิทยาลัยพยาบาลบรมราชชนนี ยะลา |
|
แสดงรายละเอียดบรรณานุกรม |
|
|
Brief Record
: Get Marc (ISO 2709)
: E-mail record
: |
|
|
| LEADER 00000nam 2200000uu 4500 | |||
| 001 3828 | |||
| 003 ULIBM | |||
| 008 250818s2567||||th 000 0 tha d | |||
| 020 ^a9786164078864 | |||
| 060 04 ^aQZ266^bล145ร | |||
| 100 0 ^aลลิตา ธีระสิริ | |||
| 245 10 ^aรักษามะเร็งด้วยตนเอง/^cลลิตา ธีระสิริ | |||
| 250 ^aพิมพ์ครั้งที่ 1 | |||
| 260 ^aกรุงเทพฯ:^bแสงดาว,^c2567. | |||
| 300 ^aหน้า 250 หน้า :^bภาพประกอบ ;^c21 ซม. | |||
| 650 7 ^aมะเร็ง^xการรักษา | |||
| 650 7 ^aบำบัดรักษามะเร็ง | |||
| 999 ^aอีมาน | |||
| คุณยังไม่ได้ล็อกอิน คุณสามารถมีกิจกรรมร่วมกับเว็บไซต์ได้ แต่ต้องล็อกอินก่อน :: |
|
| สถานะ | |||||||||
| 1. | หนังสือสำรอง สถานะ=หนังสือสำรอง | QZ266 ล145ร 2567 ฉ.1 | ►หนังสือสำรอง | On Shelf ขอยืม | |||||
| 2. | หนังสือทางการพยาบาล | QZ266 ล145ร 2567 ฉ.2 | ►หนังสือ ตำรา ทางการพยาบาล | On Shelf ขอยืม | |||||
| 3. | หนังสือทางการพยาบาล | QZ266 ล145ร 2567 ฉ.3 | ►หนังสือ ตำรา ทางการพยาบาล | On Shelf ขอยืม | |||||
| [แสดง 3/3 รายการ] | |||||||||
BibComment |
| คอมเมนท์ทรัพยากรรายการนี้ |
|
|